00558nam a2200193Ii 450000100060000000300090000600800410001502000150005604000330007104100080010408200170011210000310012924500620016026400490022230000120027133600260028333700280030933800270033719253CO-ViMGA241108s9999||||xx |||||||||||||| ||und|| a9583356301 aCO-ViMGAbspaerdacCO-ViMGA0 aspa04a616.462 S43h1 aIván Dario. Sierra Ariza10aHacia el manejo práctico de la Diabetes Mellitus tipo 2 1aBogotá, Colombia : Editorial Kimpres, 2003 avolumen atextbtxt2rdacontent aunmediatedbn2rdamedia avolumebnc2rdacarrier